| 000 | 00641nam a2200205Ia 4500 | ||
|---|---|---|---|
| 003 | GCL | ||
| 008 | 140319s9999 xx 000 0 ara d | ||
| 040 |
_aGCL / _cGCL |
||
| 082 | 0 | 4 |
_a823 _bت ح |
| 100 | 1 | _aمجدى وهبة | |
| 245 | 1 | 0 |
_aحكايات كانتربرى / _cمجدى وهبة |
| 700 | 1 | _aعبدالحميد يونس | |
| 700 | 1 | _aتشوسر، جيفرى | |
| 260 |
_a[S.N] : _bالهيئة المصرية العامة للكتاب ، _c1983 |
||
| 300 | _a510 ص | ||
| 490 | _a | ||
| 650 | 0 | 4 | _aالقصص الامريكية المترجمة |
| 650 | 0 | 4 | _aالادب الامريكى المترجم |
| 942 |
_2ddc _cBK |
||
| 999 |
_c59018 _d59018 |
||